<?xml version="1.0" encoding="UTF-8"?>
<record
    xmlns:xsi="http://www.w3.org/2001/XMLSchema-instance"
    xsi:schemaLocation="http://www.loc.gov/MARC21/slim http://www.loc.gov/standards/marcxml/schema/MARC21slim.xsd"
    xmlns="http://www.loc.gov/MARC21/slim">

  <leader>00638nam a2200157Ia 4500</leader>
  <controlfield tag="003">Ost</controlfield>
  <controlfield tag="005">20260507075659.0</controlfield>
  <controlfield tag="008">260507s9999||||xx |||||||||||||| ||und||</controlfield>
  <datafield tag="040" ind1=" " ind2=" ">
    <subfield code="c">fsecg</subfield>
  </datafield>
  <datafield tag="041" ind1=" " ind2=" ">
    <subfield code="a">ara</subfield>
  </datafield>
  <datafield tag="100" ind1=" " ind2=" ">
    <subfield code="a">&#x623;&#x628;&#x648; &#x627;&#x644;&#x645;&#x643;&#x627;&#x631;&#x645;&#x60C; &#x648;&#x635;&#x641;&#x64A; &#x639;&#x628;&#x62F; &#x627;&#x644;&#x641;&#x62A;&#x627;&#x62D;</subfield>
    <subfield code="e">&#x645;&#x624;&#x644;&#x641;</subfield>
  </datafield>
  <datafield tag="245" ind1=" " ind2="0">
    <subfield code="a">&#x627;&#x633;&#x62A;&#x62E;&#x62F;&#x627;&#x645; &#x628;&#x637;&#x627;&#x642;&#x629; &#x627;&#x644;&#x627;&#x62F;&#x627;&#x621; &#x627;&#x644;&#x645;&#x62A;&#x648;&#x627;&#x632;&#x646; &#x641;&#x64A; &#x642;&#x64A;&#x627;&#x633; &#x627;&#x62F;&#x627;&#x621; &#x627;&#x644;&#x645;&#x635;&#x627;&#x631;&#x64A;&#x641; &#x627;&#x644;&#x62A;&#x62C;&#x627;&#x631;&#x64A;&#x629;-&#x645;&#x646;&#x638;&#x648;&#x631; &#x645;&#x62A;&#x639;&#x62F;&#x62F; &#x627;&#x644;&#x627;&#x628;&#x639;&#x627;&#x62F;- /</subfield>
    <subfield code="c"> &#x648;&#x635;&#x641;&#x64A; &#x639;&#x628;&#x62F; &#x627;&#x644;&#x641;&#x62A;&#x627;&#x62D; &#x623;&#x628;&#x648; &#x627;&#x644;&#x645;&#x643;&#x627;&#x631;&#x645;</subfield>
  </datafield>
  <datafield tag="260" ind1=" " ind2=" ">
    <subfield code="a">&#x639;&#x645;&#x627;&#x646;: </subfield>
    <subfield code="b">&#x62F;&#x627;&#x631; &#x627;&#x644;&#x627;&#x64A;&#x627;&#x645;, </subfield>
    <subfield code="c">2015</subfield>
  </datafield>
  <datafield tag="300" ind1=" " ind2=" ">
    <subfield code="a">224  &#x635;&#x641;&#x62D;&#x629;&#x61B; </subfield>
    <subfield code="b">&#x625;&#x64A;&#x636;&#x627;&#x62D;&#x627;&#x62A; &#x61B;</subfield>
    <subfield code="c">25 &#x633;&#x645;</subfield>
  </datafield>
  <datafield tag="942" ind1=" " ind2=" ">
    <subfield code="c">&#x643;&#x62A;&#x627;&#x628;</subfield>
  </datafield>
  <datafield tag="952" ind1=" " ind2=" ">
    <subfield code="0">0</subfield>
    <subfield code="1">0</subfield>
    <subfield code="2">lcc</subfield>
    <subfield code="4">0</subfield>
    <subfield code="7">-1</subfield>
    <subfield code="a">fsecg</subfield>
    <subfield code="b">fsecg</subfield>
    <subfield code="d">2026-05-07</subfield>
    <subfield code="h">&#x627;&#x644;&#x637;&#x627;&#x628;&#x642; &#x627;&#x644;&#x623;&#x631;&#x636;&#x64A;</subfield>
    <subfield code="i">806/1</subfield>
    <subfield code="l">0</subfield>
    <subfield code="o">&#x623;/806&#x646;1</subfield>
    <subfield code="p">806/1</subfield>
    <subfield code="r">2026-05-07 07:56:59</subfield>
    <subfield code="w">2026-05-07</subfield>
    <subfield code="y">&#x643;&#x62A;&#x627;&#x628;</subfield>
  </datafield>
  <datafield tag="999" ind1=" " ind2=" ">
    <subfield code="c">45778</subfield>
    <subfield code="d">45778</subfield>
  </datafield>
</record>
